| 000 | 00692nam a22002297a 4500 | ||
|---|---|---|---|
| 001 | 12837 | ||
| 003 | BD-JhCC | ||
| 005 | 20230517194905.0 | ||
| 008 | 171014s2019 bg |||| ||a| 000 0 ben d | ||
| 020 | _a9848705086 | ||
| 035 | _a(BD-JhCC)12837 | ||
| 040 |
_aBD-JhCC _dBD-JhCC |
||
| 041 | _abengali | ||
| 082 |
_a891.443 _bHOS 2019 |
||
| 245 |
_aতিতাস পাড়ের গল্প / _cসম্পা: আমির হোসেন। |
||
| 260 |
_aঢাকা : _bজ্ঞানজ্যোতি প্রকাশনী; _c২০১৯. |
||
| 300 |
_a496 p. : _c22 cm. |
||
| 650 | _aNovel. | ||
| 700 | _aহোসেন,আমির | ||
| 942 |
_2ddc _cBK |
||
| 999 |
_c12837 _d12837 |
||